Howards End /

Bibliographic Details
Main Author: Forster, E. M. (Edward Morgan), 1879-1970
Format: Book
Language:English
Published: London : E. Arnold, 1910.

MARC

Tag First Indicator Second Indicator Subfields
LEADER 00000cam a2200000 4500
001 in00000775821
005 20151017064704.0
008 730514s1910 enk 00011 eng u
010 |a  10029415  
019 |a 364453 
035 |a (OCoLC)00621019 
035 |9 ADN4918AM 
040 |c OUN  |d OCL  |d WSU  |d TXA  |d UtOrBLW 
049 1 |a TXA1 [FORS] 
050 0 |a PZ3.F7735  |b H  |a PR6011.O58 
090 |a PR6011.O58  |b H6 1910 
100 1 |a Forster, E. M.  |q (Edward Morgan),  |d 1879-1970. 
245 1 0 |a Howards End /  |c by E. M. Forster ... 
264 1 |a London :  |b E. Arnold,  |c 1910. 
300 |a 2 preliminary leaves, 343 pages ;  |c 19 cm. 
336 |a text  |b txt  |2 rdacontent 
337 |a unmediated  |b n  |2 rdamedia 
338 |a volume  |b nc  |2 rdacarrier 
870 1 9 |j 100/1  |a Forster, Edward Morgan,  |d 1879-1970. 
999 |a MARS 
999 f f |s a7653455-f85b-316d-9e28-281c3b7cd454  |i f76aa9e4-b70e-30f7-b8af-048ae228feb8  |t 0 
952 f f |p noncirc  |a Texas A&M University  |b College Station  |c Cushing Memorial Library & Archives  |d Cushing: Literature/Forster (Does not check out)  |t 0  |e PR6011.O58 H6 1910  |h Library of Congress classification  |i unmediated -- volume 
998 f f |a PR6011.O58 H6 1910  |t 0  |l Cushing: Literature/Forster (Does not check out)